000 00704nam a2200277 a 4500
003 AR-BaBNM
005 20251128205248.0
008 082120s2002 ||||||||||||||000 | spa||
020 _a950-01-0514-4
040 _cAR-BaBNM
100 1 _aFerro, Beatriz
245 0 0 _aZapatos caminadores
260 _aBuenos Aires
_bEstrada
_c1994
300 _a80 p.
_bil.
490 0 _aLos caza cosas
_vv. 4
650 4 _aLITERATURA ARGENTINA
650 4 _aLITERATURA INFANTIL
650 4 _aLIBROS PARA NIÑOS
650 4 _aESCRITORES
650 4 _aCUENTOS DE ANIMALES
653 _aCUENTO MARAVILLOSO
655 _aLITERATURA
700 1 _aRojas, Oscar
_eilustrador
942 _cBK
998 _cMARTIN
999 _c10642
_d10642